000 00685nam a2200217Ia 4500
003 OSt
005 20240912170024.0
008 220927b |||||||| |||| 00| 0 eng d
020 _cUSD 184.95
_a9781632408013
037 _b043, 06/03/2019, Rupa Prkashan
_cTextual
040 _aSDCL
_cSDCL
_beng
041 _2eng
_aeng
082 _aNk Q9 RR
100 _aParks, Grace Ed.
_9433957
245 0 _aEncyclopedia of arts and culture.
260 _aNew York :
_b Clanrye International,
_c2019.
300 _avii,213p.
650 _aSanskrit
_9391587
942 _hNk Q9 RR
_cREF
_2CC
999 _c750357
_d750357